| 000 | 00496nam a2200181Ia 4500 | ||
|---|---|---|---|
| 001 | 23683 | ||
| 005 | 20260414150953.0 | ||
| 008 | 260414t2015||||xx |||||||||||||| ||spa|| | ||
| 041 | _aESP | ||
| 082 |
_a690.068 _bL98 |
||
| 100 |
_aLundesjo, Greger _eAUT |
||
| 245 | 0 |
_aSupply chain management and logistics in construction : _bdelivering tomorrow´s built environment |
|
| 260 | _c2015 | ||
| 300 |
_axiv, 272 páginas : _c23 cm. |
||
| 650 | _a0 | ||
| 654 | _aCIC | ||
| 942 |
_cLIB _dJUS _fJUS _2ddc _n |
||
| 999 |
_c23683 _d23683 |
||